00940nam a22002297a 450000500170000001000150001702000240003203500140005603700090007008200110007910000310009024500570012125000080017826000340018627001260022030000220034650001180036870000310048694200230051799900190054095201510055920250401160748.0 aENG-144382 a9788119626090c395p aEN-127914 bDBAD aS21st aSinha Smriti Kumar 980062 aFreedom Lost in RightscSmriti Kumar SinhahEnglish  a1st aNew DelhibNiyogi Booksc2024 aBlock D, Building No.77 Okhla Industrial Area, Phase-I,bNew Delhie110020mniyogibooks@gmail.comk911126816301,268189660 a203p.c20 cm.(Pb) aFreedom Lost in Rights A collection of Bishnupriya Manipuri short stories by the author of Seducing the Rain God aSmriti Kumar Sinha 980049 2ddccENhSmSINe1 c210619d210619 001040708FICaZLSbZLSd2025-04-01eDelivery of Books Act Divisiong395.00l0oS SINpEN-127914r2025-04-01 00:00:00t1v395.00w2025-04-01yEN